Statistics for Western U.S. Rivers - Map Quiz

Click here to take the quiz!

General Stats

  • This quiz has been taken 20 times
  • The average score is 10 of 16

Answers on the Map

Answers color-coded by a green-red scale on the quiz's map according to % correct below.
 

Answer Stats

Answer% Correct
Colorado
100%
Sacramento
94%
Snake
88%
Columbia
81%
Willamette
81%
Salmon
75%
San Joaquin
75%
Gila
69%
Carson
56%
Green
56%
Klamath
56%
San Juan
50%
Bear
44%
Rogue
44%
Humboldt
38%
Owens
38%

Score Distribution

Percentile by Number Answered

Percent of People with Each Score

Your Score History

You have not taken this quiz